ბათუმის შოთა რუსთაველის სახელმწიფო უნივერსიტეტის ბიბლიოთეკა

სამი მოთხრობა (ბიბ.ჩანაწერი № 42040)

000 -LEADER
fixed length control field 00704nam a2200205Ia 4500
001 - CONTROL NUMBER
control field 8730
003 - CONTROL NUMBER IDENTIFIER
control field GE_BSU
008 - FIXED-LENGTH DATA ELEMENTS--GENERAL INFORMATION
fixed length control field 181216s||||||||xx |||||||||||||| ||und||
040 ## - CATALOGING SOURCE
Transcribing agency GE_BSU
080 ## - UNIVERSAL DECIMAL CLASSIFICATION NUMBER
Universal Decimal Classification number 821.353.1-32
100 ## - MAIN ENTRY--PERSONAL NAME
Personal name კლდიაშვილი,დავით
245 ## - TITLE STATEMENT
Title სამი მოთხრობა
245 ## - TITLE STATEMENT
Statement of responsibility, etc. რედ. თ.კიკაჩეიშვილი. შეადგინა ბეჟან ბარდაველიძე
260 ## - PUBLICATION, DISTRIBUTION, ETC.
Place of publication, distribution, etc. თბილისი
260 ## - PUBLICATION, DISTRIBUTION, ETC.
Name of publisher, distributor, etc. თბილისის უნ–ტის გამ–ბა
260 ## - PUBLICATION, DISTRIBUTION, ETC.
Date of publication, distribution, etc. 1991
300 ## - PHYSICAL DESCRIPTION
Extent 304გვ.20სმ.
653 ## - INDEX TERM--UNCONTROLLED
Uncontrolled term სამი მოთხრობა
942 ## - ADDED ENTRY ELEMENTS (KOHA)
Koha item type წიგნი
ეგზემპლარები
Withdrawn status Lost status Damaged status Not for loan Date acquired Barcode Date last seen Price effective from Koha item type
        2018-12-17 26776 -6ლ 2018-12-17 2018-12-17 წიგნი
        2018-12-17 31882 2018-12-17 2018-12-17 წიგნი
        2018-12-17 31883 2018-12-17 2018-12-17 წიგნი
        2018-12-17 31884 2018-12-17 2018-12-17 წიგნი
        2018-12-17 31885 2018-12-17 2018-12-17 წიგნი
        2018-12-17 31886 2018-12-17 2018-12-17 წიგნი
        2018-12-17 31887 2018-12-17 2018-12-17 წიგნი
        2018-12-17 38146 2018-12-17 2018-12-17 წიგნი